LEADER 00966nam0-22003491i-450 001 990008104950403321 005 20210223120925.0 010 $a0-19-860876-4 035 $a000810495 035 $aFED01000810495 035 $a(Aleph)000810495FED01 035 $a000810495 100 $a20050504d2004----km-y0itay50------ba 101 0 $aeng 102 $aGB 105 $ay---j---001y- 200 1 $a<>dictionary of plant sciences$fedit. Michael Allaby 205 $a2nd ed. 210 $aOxford$cOxford University Press$dc2004 215 $a508 p.$cill.$d20 cm 225 1 $aOxford paperback reference 610 0 $aBotanica$aDizionari 676 $a581$v20$zita 676 $a580.3$v23$zita 700 1$aAllaby,$bMichael$065282 801 0$aIT$bUNINA$gRICA$2UNIMARC 901 $aBK 912 $a990008104950403321 952 $a60 580.3 ALLM 2004$b9932$fFAGBC 959 $aFAGBC 996 $aDictionary of plant sciences$9757533 997 $aUNINA LEADER 03391nam 2200709 a 450 001 9910461691203321 005 20211105001357.0 010 $a3-11-095956-9 024 7 $a10.1515/9783110959567 035 $a(CKB)2670000000249725 035 $a(EBL)938068 035 $a(OCoLC)850190386 035 $a(SSID)ssj0000595050 035 $a(PQKBManifestationID)11353626 035 $a(PQKBTitleCode)TC0000595050 035 $a(PQKBWorkID)10550447 035 $a(PQKB)11674485 035 $a(MiAaPQ)EBC938068 035 $a(WaSeSS)Ind00010483 035 $a(DE-B1597)49673 035 $a(OCoLC)1011462161 035 $a(OCoLC)979873762 035 $a(DE-B1597)9783110959567 035 $a(Au-PeEL)EBL938068 035 $a(CaPaEBR)ebr10591490 035 $a(CaONFJC)MIL805298 035 $a(EXLCZ)992670000000249725 100 $a20121212e19741893 uy 0 101 0 $agrc 135 $aurnn#---|u||u 181 $ctxt 182 $cc 183 $acr 200 10$aContinens Pseudepigrapha, testimonia veterum, Pachymerae Paraphrasin, Planudis Commentarium, scholia vetera, omnia fere adhuc inedita, cum prolegomenis et incibus$b[electronic resource] /$feditit Paulus Tannery 205 $aEd. ster. 1895. Reprint 2010 210 $aStutgardiae $cB.G. Teubneri$d1974 215 $a1 online resource (348 p.) 225 0 $aBibliotheca scriptorum Graecorum et Romanorum Teubneriana 225 0 $aDiophanti Alexandrini Opera omnia : cum graecis commentariis ;$vv. 2 300 $aReprint of 1893 ed. 300 $aIncludes index. 311 0 $a3-598-71293-6 327 $tFront matter --$tDIOPHANTUS PSEUDEPIGRAPHUS. --$tI. Ex Parisino Suppl. gr. 387. --$tII. Ex Parisino Gr. 453. --$tIII. Ex Parisino Gr. 2448. --$tDE DIOPHANTO TESTIMONIA VETERUM. --$t1. Theo Alexandrinus in primum librum Ptolemaei Mathematicae Compositionis --$t2. Ioannes Hierosolymitanus patriarcha inVita Ioannis Damasceni --$t3. Suidas v. ?????? --$t4. Michaelis Pselli epistola inedita --$t5. Ad epigrammata arithmetica Scholia Palatini codicis Anthologiae --$t6. Ex scholiis codicis Florentini in quartum Iamblichi librum --$t7. Anonymi prolegomena in Introductionem arithmeticam Nicomachi --$tGEORGII PACHYMERAE ARITHMETICES CAPITULA VIGINTI --$tSCHOLIA IN DIOPHANTUM MAXIMI QUAE FERUNTUR PLANUDIS. --$tAD LIBRUM I --$tAD LIBRUM II --$tIn Diophantum scholia vetera --$tINDEX GRAECITATIS APUD DIOPHANTUM --$tCONSPECTUS PROBLEMATUM DIOPHANTI 330 $aOpera Omnia cum graecis commentariis, vol. II (Bibliotheca scriptorum Graecorum et Romanorum Teubneriana). 410 0$aBibliotheca scriptorum Graecorum et Romanorum Teubneriana 606 $aMathematics, Greek 606 $aArithmetic 608 $aElectronic books. 615 0$aMathematics, Greek. 615 0$aArithmetic. 676 $a378.747 700 $aDiophantus$cof Alexandria.$0206278 701 $aTannery$b Paul$f1843-1904.$056391 701 $aPachymeres$b George$f1242-ca. 1310.$0283399 701 $aPlanudes$b Maximus$fca. 1260-ca. 1310.$0853727 801 0$bMiAaPQ 801 1$bMiAaPQ 801 2$bMiAaPQ 906 $aBOOK 912 $a9910461691203321 996 $aContinens Pseudepigrapha, testimonia veterum, Pachymerae Paraphrasin, Planudis Commentarium, scholia vetera, omnia fere adhuc inedita, cum prolegomenis et incibus$91906281 997 $aUNINA